2500 câu Anh - Hoa - Việt thông dụng. 2500句通用英-华-越 / Tập 2 =

में बचाया:
ग्रंथसूची विवरण
मुख्य लेखक: Nguyễn Thành Danh.
स्वरूप: पुस्तक
भाषा:English
Chinese
Vietnamese
प्रकाशित: Hà Nội : Thanh niên, 2005.
विषय:
टैग : टैग जोड़ें
कोई टैग नहीं, इस रिकॉर्ड को टैग करने वाले पहले व्यक्ति बनें!
Thư viện lưu trữ: Mạng thư viện Đại học Đà Nẵng
LEADER 01189nam a2200349 a 4500
001 000041719
003 24991
005 20220114100227.0
008 171030s2005
020 |c 40000 
040 |a Lnn  |c Lnn  |d Lnn 
041 0 |a eng  |a chi  |a vie 
082 1 4 |a 428.3  |b NG-D 
100 1 |a Nguyễn Thành Danh. 
245 1 0 |a 2500 câu Anh - Hoa - Việt thông dụng.  |n Tập 2 =  |b 2500句通用英-华-越 /  |c Nguyễn Thành Danh. 
246 3 1 |a 2500句通用英-华-越. 
246 3 0 |a Hai ngàn năm trăm câu Anh - Hoa - Việt thông dụng. 
260 |a Hà Nội :  |b Thanh niên,  |c 2005. 
300 |a 287 tr. ;  |c 20,5 cm. 
630 0 4 |a Hoa ngữ. 
630 0 4 |a Anh ngữ. 
650 0 4 |a Anh Hoa Việt  |x Đàm thoại. 
OWN |a LNN 
AVA |a UDN50  |b LNN  |c Chinese  |d 428.3 NG-D  |e available  |t Error 5001 Not defined in file expand_doc_bib_avail.  |f 2  |g 0  |h N  |i 0  |j TN 
999 |a From the UDN01 
AVA |a UDN50  |b LNN  |c Chinese  |d 428.3 NG-D  |e available  |t Error 5001 Not defined in file expand_doc_bib_avail.  |f 2  |g 0  |h N  |i 0  |j TN 
TYP |a Monograph 
TYP |a Printed language 
980 |a Mạng thư viện Đại học Đà Nẵng